Datum a čas kvízu
17.5
Celkem bodů
Celkový počet nahraných bodů na tomto kvízu bez doplňovacích otázek.
4.
Pořadí na kvízu
Konečné umístění týmu na tomto kvízu.
Zaznamenané odpovědi
| # | Otázka | Odpověď | Body | Výsledky |
|---|---|---|---|---|
| 1. | Jedné z českých zoologických z... | Zlín | 1 | |
| 2. | Z čínského kosmického středisk... | na Mars | 1 | |
| 3. | Skupina Prima představila podz... | Sestřičky Modrý kód | 0 | |
| 4. | V mladoboleslavské Škodě, konk... | Slavia | 1 | |
| 5. | Nový klub NHL z amerického Sea... | Kraken | 0 | |
| 6. | Nyní se podíváme na některé dr... | TRX | 1 | |
| 7. | Tento kardiovaskulární trénink... | Tabata | 1 | |
| 8. | Na fotografii vidíme jeden z n... | plank (též prkno) | 1 | |
| 9. | Sportovní aktivity často prová... | 1 kcal = 4 kJ | 0 | |
| 10. | Na závěr tématu si pustíme vid... | Jumping | 1 |